L’Histoire secrète, volume 17 : Opération Kadesh, bande dessinée scénarisée par Jean-Pierre Pécau, dessinée par Igor Kordey et mise en couleurs par Len O’Grady, Paris, Delcourt, 2010, 55 pages (notice n° 1605080)

détails MARC
000 -LEADER
fixed length control field 02092cam a2200181 4500500
005 - DATE AND TIME OF LATEST TRANSACTION
control field 20251228094927.0
041 ## - LANGUAGE CODE
Language code of text/sound track or separate title fre
042 ## - AUTHENTICATION CODE
Authentication code dc
100 10 - MAIN ENTRY--PERSONAL NAME
Personal name Motoret, Laurence
Relator term author
245 00 - TITLE STATEMENT
Title L’Histoire secrète, volume 17 : Opération Kadesh, bande dessinée scénarisée par Jean-Pierre Pécau, dessinée par Igor Kordey et mise en couleurs par Len O’Grady, Paris, Delcourt, 2010, 55 pages
260 ## - PUBLICATION, DISTRIBUTION, ETC.
Date of publication, distribution, etc. 2010.<br/>
500 ## - GENERAL NOTE
General note 44
520 ## - SUMMARY, ETC.
Summary, etc. Conformément à une pratique très répandue, partout en Europe, à cette époque, nombre des pièces du théâtre vicentin obéissent à une esthétique de l’amphibologie : sous le masque du discours d’évidence, se dissimule un discours crypté, dont on est fondé à croire qu’il est celui qui préside à l’élaboration de certains autos. La prise en compte de ce discours est essentielle et de nature à transformer radicalement l’approche de l’œuvre et du spectacle qu’elle sous-tend.
520 ## - SUMMARY, ETC.
Summary, etc. Many Vicentine plays are built on an aesthetic of equivocation following a practice which was widespread in Europe at the time. Under the mask of an obvious discourse lies a coded one which we have grounds to believe plaid the fundamental part in the construction of at least some of the autos. To fully take into account this “other” discourse is of prime importance and may radically alter the understanding both of the text of the play and the nature of the show.
520 ## - SUMMARY, ETC.
Summary, etc. De acordo com uma prática amplamente divulgada nessa época por toda a Europa, muitas peças do teatro vicentino obedecem a uma estética da anfibologia: sob a máscara da evidência, dissimula-se um discurso criptado que poderá inclusive presidir à elaboração de certos autos. Ter em consideração este discurso e a sua natureza poderá transformar radicalmente a forma como se aborda a obra vicentina e a dimensão do espectáculo que lhe subjaz.
786 0# - DATA SOURCE ENTRY
Note Sigila | 26 | 2 | 2010-10-01 | p. 187c-190c | 1286-1715
856 41 - ELECTRONIC LOCATION AND ACCESS
Uniform Resource Identifier <a href="https://shs.cairn.info/revue-sigila-2010-2-page-187c?lang=fr&redirect-ssocas=7080">https://shs.cairn.info/revue-sigila-2010-2-page-187c?lang=fr&redirect-ssocas=7080</a>

Pas d'exemplaire disponible.

PLUDOC

PLUDOC est la plateforme unique et centralisée de gestion des bibliothèques physiques et numériques de Guinée administré par le CEDUST. Elle est la plus grande base de données de ressources documentaires pour les Étudiants, Enseignants chercheurs et Chercheurs de Guinée.

Adresse

627 919 101/664 919 101

25 boulevard du commerce
Kaloum, Conakry, Guinée

Réseaux sociaux

Powered by Netsen Group @ 2025